| 000 | 00422nam a22001697a 4500 | ||
|---|---|---|---|
| 003 | NUST - PNEC | ||
| 005 | 20170116180837.0 | ||
| 008 | 150811b xxu||||| |||| 00| 0 eng d | ||
| 020 | _a0521348439 | ||
| 040 | _cLIBRARY | ||
| 082 | _a428.24 MUR | ||
| 100 |
_95061 _aMurphy, Raymond |
||
| 245 |
_aGrammar in use. _cMurphy, Raymond |
||
| 260 | _cc 1989 | ||
| 650 |
_95062 _aEnglish language--Grammar _x- |
||
| 942 |
_2ddc _cBK |
||
| 999 |
_c64258 _d64258 |
||